| 000 | 00648nam a2200205 a 4500 | ||
|---|---|---|---|
| 005 | 20210223120741.0 | ||
| 008 | 991125s1978 mx 000 0 spa u | ||
| 020 | _a9682302587 | ||
| 035 | _aUPN01000006655 | ||
| 049 | _aCG | ||
| 050 | 4 |
_aHC175 _bV5.2 |
|
| 100 | 1 | _aVillarreal, Juan | |
| 245 | 1 | 3 |
_aEl capitalismo dependiente : _bestudio sobre la estructura de clases en Argentina / _cpor Juan Villarreal. |
| 260 |
_aMéxico : _bSiglo XXI, _c1978. |
||
| 300 |
_a166 p. : _btablas |
||
| 440 | 0 | _aSociología y política | |
| 651 | 4 |
_aARGENTINA - _xCONDICIONES ECONOMICAS _97795 |
|
| 651 | 4 |
_aARGENTINA - _xCONDICIONES SOCIALES _97802 |
|
| 905 | _aLibro | ||
| 999 |
_c6655 _d6655 |
||